[Event "Capablanca Memorial op-B 45th"]
[Site "Havana"]
[Date "2011.05.15"]
[Round "5"]
[White "De Quesada Pena, Alexei"]
[Black "Gongora Reyes, Liuber"]
[Result "1/2-1/2"]
[WhiteElo "2234"]
[BlackElo "2277"]
[PlyCount "76"]
[EventDate "2011.05.11"]
[EventType "swiss"]
[EventRounds "7"]
[EventCountry "CUB"]
[SourceTitle "CBM 142 Extra"]
[Source "ChessBase"]
[SourceDate "2011.06.27"]
[SourceVersion "1"]
[SourceVersionDate "2011.06.27"]
[SourceQuality "1"]

1. e4 c5 2. Nf3 d6 3. c3 Nf6 4. Bd3 Nc6 5. Bc2 Bg4 6. h3 Bxf3 7. Qxf3 g6 8. Ba4 Nd7 9. d3 Bg7 10. Nd2 0-0 11. Bxc6 Ne5 12. Qe2 Nxc6 13. h4 b5 14. Nf3 h5 15. Be3 Rc8 16. Ng5 Qd7 17. f3 d5 18. Bxc5 d4 19. Rc1 dxc3 20. Rxc3 Rfd8 21. Rc2 Ne5 22. d4 Nc4 23. e5 Bxe5 24. dxe5 Rxc5 25. e6 fxe6 26. 0-0 Re5 27. Ne4 Qc6 28. Qf2 Qb6 29. Qxb6 Nxb6 30. Rc7 Rd7 31. Rxd7 Nxd7 32. Rc1 Nf6 33. Nxf6+ exf6 34. Rc8+ Kg7 35. Rc7+ Kh6 36. Rxa7 Re2 37. b3 g5 38. hxg5+ fxg5 1/2-1/2

[Event "Cienfuegos Rodriguez Memorial"]
[Site "Cienfuegos"]
[Date "2010.11.06"]
[Round "8"]
[White "Gongora Reyes, Liuber"]
[Black "Gil Alba, Hector Luis"]
[Result "1/2-1/2"]
[WhiteElo "2288"]
[BlackElo "2248"]
[PlyCount "60"]
[EventDate "2010.11.02"]
[EventType "tourn"]
[EventRounds "10"]
[EventCountry "CUB"]
[SourceTitle "EXT 2024"]
[Source "ChessBase"]
[SourceDate "2023.10.10"]
[SourceVersion "1"]
[SourceVersionDate "2023.10.10"]
[SourceQuality "1"]

1. e4 c5 2. Nf3 d6 3. d4 cxd4 4. Nxd4 Nf6 5. Nc3 Nc6 6. Bc4 e6 7. Be3 a6 8. Qe2 Qc7 9. 0-0-0 Be7 10. Bb3 Na5 11. g4 b5 12. g5 Nxb3+ 13. axb3 Nd7 14. Nf5 exf5 15. Nd5 Qd8 16. exf5 Bb7 17. f6 gxf6 18. gxf6 Bxd5 19. Rxd5 Nxf6 20. Rf5 Qd7 21. Qf3 Rc8 22. Bd4 Qc6 23. Qd1 Qe4 24. Bxf6 Qxf5 25. Bxh8 f6 26. Re1 Kf7 27. Qe2 Re8 28. Qe3 Kg8 29. Qh6 Qg5+ 30. Qxg5+ fxg5 1/2-1/2

[Event "Cienfuegos Rodriguez Memorial"]
[Site "Cienfuegos"]
[Date "2010.11.05"]
[Round "7"]
[White "Marrero Fernandez, Ahmed"]
[Black "Gongora Reyes, Liuber"]
[Result "0-1"]
[WhiteElo "2115"]
[BlackElo "2288"]
[PlyCount "92"]
[EventDate "2010.11.02"]
[EventType "tourn"]
[EventRounds "10"]
[EventCountry "CUB"]
[SourceTitle "EXT 2024"]
[Source "ChessBase"]
[SourceDate "2023.10.10"]
[SourceVersion "1"]
[SourceVersionDate "2023.10.10"]
[SourceQuality "1"]

1. e4 c5 2. Nf3 Nc6 3. d4 cxd4 4. Nxd4 Qc7 5. Nc3 e6 6. g3 a6 7. Nxc6 bxc6 8. Bg2 Nf6 9. 0-0 Be7 10. f4 d5 11. e5 Nd7 12. Qg4 0-0 13. Kh1 Rb8 14. Ne2 f5 15. Qf3 Nc5 16. c3 Ne4 17. Rb1 c5 18. Qd3 a5 19. Be3 Rb6 20. Rfd1 Ba6 21. Qc2 Rfb8 22. Ng1 Qb7 23. Bc1 a4 24. Nf3 Bc4 25. Ra1 Qa6 26. Kg1 Be2 27. Re1 Bd3 28. Qd1 c4 29. Nd4 Bc5 30. Bxe4 dxe4 31. g4 Rxb2 32. Bxb2 Rxb2 33. Re3 Qa7 34. Kh1 a3 35. gxf5 exf5 36. Qh5 Qf7 37. Qg5 h6 38. Qd8+ Kh7 39. Rg1 Bxd4 40. Qxd4 Be2 41. e6 Qf8 42. Qd7 Bf3+ 43. Rxf3 exf3 44. e7 Qf6 45. e8N Rxh2+ 46. Kxh2 Qh4# 0-1

[Event "Barreras Memorial"]
[Site "Las Tunas"]
[Date "2010.04.01"]
[Round "1"]
[White "Gongora Reyes, Liuber"]
[Black "Quesada Vera, Liordis"]
[Result "1/2-1/2"]
[WhiteElo "2274"]
[BlackElo "2293"]
[PlyCount "28"]
[EventDate "2010.04.01"]
[EventType "tourn"]
[EventRounds "9"]
[EventCountry "CUB"]
[EventCategory "1"]
[SourceTitle "EXT 2012"]
[Source "ChessBase"]
[SourceDate "2011.11.24"]
[SourceVersion "1"]
[SourceVersionDate "2011.11.24"]
[SourceQuality "1"]

1. e4 e5 2. Nf3 Nf6 3. Nxe5 d6 4. Nf3 Nxe4 5. Qe2 Qe7 6. d3 Nf6 7. Bg5 Qxe2+ 8. Bxe2 Be7 9. Nc3 c6 10. 0-0-0 Na6 11. Rhe1 Nc7 12. Ne4 Nxe4 13. Bxe7 Kxe7 14. dxe4 Be6 1/2-1/2

[Event "Camaguey-A"]
[Site "Camaguey"]
[Date "2010.02.04"]
[Round "4"]
[White "Garcia Martinez, Omar"]
[Black "Gongora Reyes, Liuber"]
[Result "1/2-1/2"]
[WhiteElo "2326"]
[BlackElo "2270"]
[PlyCount "64"]
[EventDate "2010.02.02"]
[EventType "tourn"]
[EventRounds "11"]
[EventCountry "CUB"]
[SourceTitle "CBM 135 Extra"]
[Source "ChessBase"]
[SourceDate "2010.05.04"]
[SourceVersion "1"]
[SourceVersionDate "2010.05.04"]
[SourceQuality "1"]

1. e4 c5 2. Nf3 d6 3. d4 cxd4 4. Nxd4 Nf6 5. Nc3 a6 6. f3 e6 7. Be3 b5 8. Qd2 Nbd7 9. 0-0-0 Bb7 10. g4 Nb6 11. Qf2 Nfd7 12. Bd3 Rc8 13. Nce2 Qc7 14. Kb1 Nc5 15. Nb3 Be7 16. g5 Nba4 17. Rc1 0-0 18. Rhg1 d5 19. Nxc5 Bxc5 20. b3 dxe4 21. fxe4 Bxe3 22. Qxe3 Nc5 23. h4 Qe5 24. Rg4 Rfd8 25. Rf4 Nxd3 26. cxd3 Rxc1+ 27. Nxc1 Rc8 28. Rf2 Qc3 29. Qd2 Qd4 30. Qf4 Rf8 31. Rc2 f5 32. gxf6 Qxf6 1/2-1/2

[Event "Matanzas Batalla de Ideas-A 4th"]
[Site "Matanzas"]
[Date "2007.07.17"]
[Round "3"]
[White "Hernandez Marquez, Noel"]
[Black "Gongora Reyes, Liuber"]
[Result "0-1"]
[WhiteElo "2328"]
[BlackElo "2244"]
[PlyCount "80"]
[EventDate "2007.07.15"]
[EventType "tourn"]
[EventRounds "11"]
[EventCountry "CUB"]
[EventCategory "1"]
[SourceTitle "EXT 2019"]
[Source "ChessBase"]
[SourceDate "2018.10.10"]
[SourceVersion "1"]
[SourceVersionDate "2018.10.10"]
[SourceQuality "1"]

1. d4 Nf6 2. Nf3 e6 3. Nbd2 c5 4. e3 b6 5. Bd3 Bb7 6. 0-0 Be7 7. e4 cxd4 8. e5 Nd5 9. Ne4 Nc6 10. Bg5 f6 11. exf6 gxf6 12. Bh4 Nf4 13. Qd2 Nxd3 14. cxd3 d5 15. Ng3 0-0 16. Rfe1 Qd7 17. Qh6 Rf7 18. Nh5 Raf8 19. h3 e5 20. g4 Nb4 21. Rad1 Ba6 22. g5 Qf5 23. gxf6 Bd6 24. Ng5 Qg6 25. Qxg6+ hxg6 26. Nxf7 Kxf7 27. f4 e4 28. dxe4 dxe4 29. Ng3 Bxf4 30. Rxe4 g5 31. Rxf4 gxf4 32. Nf5 d3 33. Re1 Nd5 34. Nd6+ Kg6 35. Kf2 Nxf6 36. Rg1+ Kh7 37. Bxf6 Rxf6 38. Ne4 Rc6 39. Kf3 Bb7 40. Ng5+ Kh6 0-1

[Event "Jose Marti Memorial"]
[Site "Las Tunas"]
[Date "2003.02.01"]
[Round "7"]
[White "Leyva Rivera, Yunier"]
[Black "Gongora Reyes, Liuber"]
[Result "1-0"]
[WhiteElo "2288"]
[BlackElo "2257"]
[PlyCount "178"]
[EventDate "2003.01.25"]
[EventType "tourn"]
[EventRounds "9"]
[EventCountry "CUB"]
[EventCategory "1"]
[SourceTitle "CBM 092 Extra"]
[Source "ChessBase"]
[SourceDate "2003.03.07"]
[SourceVersion "1"]
[SourceVersionDate "2003.03.07"]
[SourceQuality "1"]

1. e4 c5 2. Nf3 d6 3. c3 Nf6 4. Be2 Nc6 5. d4 cxd4 6. cxd4 Nxe4 7. d5 Qa5+ 8. Nc3 Nxc3 9. bxc3 Ne5 10. Nxe5 Qxc3+ 11. Bd2 Qxe5 12. 0-0 Qxd5 13. Rb1 Qf5 14. Rxb7 f6 15. Rc7 Be6 16. Bf3 Rc8 17. Qa4+ Kf7 18. Rxa7 Rc4 19. Qd1 Rc2 20. Re1 Rxa2 21. Bg4 Qxg4 22. Qxg4 Bxg4 23. Rxa2 e5 24. Ra8 g5 25. Rb1 Bg7 26. Rb7+ Kg6 27. Rxh8 Bxh8 28. Rb8 Bg7 29. Rd8 h5 30. Rxd6 Bf8 31. Ra6 Be2 32. Ra7 Bc5 33. Rc7 Bd4 34. Bc3 Bxc3 35. Rxc3 h4 36. f3 Kf5 37. Kf2 Bd1 38. Ke3 Ba4 39. Rc7 Bb5 40. Ra7 Bf1 41. g3 hxg3 42. hxg3 Bc4 43. Ra5 Bf7 44. g4+ Kg6 45. Ke4 Be6 46. Ra3 Bc4 47. Rc3 Ba2 48. Rc6 Bb3 49. Rb6 Ba2 50. Rd6 Bb3 51. Kd3 Bd1 52. Ke3 Bc2 53. Ra6 Bb1 54. Kd2 Kg7 55. Kc3 Kf7 56. Ra1 Bh7 57. Re1 Bg8 58. Kc4 Ke7+ 59. Kc5 Bb3 60. Rb1 Bc2 61. Rb7+ Ke6 62. Rb6+ Kf7 63. Ra6 Bd1 64. Ra3 Ke6 65. Rd3 Be2 66. Re3 Bd1 67. Kc4 Bc2 68. Ra3 Bd1 69. Kb4 Be2 70. Rc3 e4 71. fxe4 Ke5 72. Rc5+ Kxe4 73. Rf5 Bxg4 74. Rxf6 Bf5 75. Kc3 g4 76. Kd2 Kf4 77. Ke2 Kg5 78. Rf8 Be4 79. Kf2 Bf3 80. Kg3 Bd1 81. Rc8 Bf3 82. Rc5+ Kf6 83. Kf4 Ke6 84. Re5+ Kf6 85. Rg5 Bd1 86. Rd5 Bf3 87. Rd6+ Ke7 88. Ra6 Kf7 89. Ke5 Be2 1-0

[Event "Jose Marti Memorial"]
[Site "Las Tunas"]
[Date "2003.01.31"]
[Round "6"]
[White "Gongora Reyes, Liuber"]
[Black "Perez, Isael"]
[Result "1/2-1/2"]
[WhiteElo "2257"]
[BlackElo "2238"]
[PlyCount "100"]
[EventDate "2003.01.25"]
[EventType "tourn"]
[EventRounds "9"]
[EventCountry "CUB"]
[EventCategory "1"]
[SourceTitle "CBM 092 Extra"]
[Source "ChessBase"]
[SourceDate "2003.03.07"]
[SourceVersion "1"]
[SourceVersionDate "2003.03.07"]
[SourceQuality "1"]

1. e4 e5 2. Nf3 Nf6 3. Nxe5 d6 4. Nf3 Nxe4 5. Nc3 Nxc3 6. dxc3 Be7 7. Be3 0-0 8. Qd2 Nd7 9. 0-0-0 Nc5 10. Re1 Bf6 11. h4 Re8 12. Ng5 h6 13. Bc4 Be6 14. Nxe6 Nxe6 15. Kb1 d5 16. Qxd5 Qxd5 17. Bxd5 c6 18. Bf3 a6 19. g3 Re7 20. Bb6 g6 21. Re3 Rae8 22. Rhe1 h5 23. c4 Rd7 24. Rd1 Rde7 25. c3 Kg7 26. Kc2 Kg8 27. Bg2 Bg7 28. Rde1 Bh6 29. f4 Bf8 30. b4 f5 31. a4 Kf7 32. b5 Rc8 33. bxa6 bxa6 34. a5 Ng7 35. Bf1 Rxe3 36. Rxe3 Ne6 37. Re1 Nc5 38. Re5 Nd7 39. Re1 Nc5 40. Bg2 Bd6 41. Bf3 Kf6 42. Re3 Kf7 43. Re1 Kf6 44. Bg2 Kf7 45. Bh1 Kf6 46. Bf3 Kf7 47. Rb1 Ke6 48. Ba7 Ke7 49. Rb2 Ke6 50. Rb1 Ke7 1/2-1/2

[Event "Las Tunas"]
[Site "Las Tunas"]
[Date "2002.08.03"]
[Round "10"]
[White "Gongora Reyes, Liuber"]
[Black "Gongora Reyes, Maikel"]
[Result "1/2-1/2"]
[WhiteElo "2177"]
[BlackElo "2406"]
[PlyCount "30"]
[EventDate "2002.07.27"]
[EventType "tourn"]
[EventRounds "10"]
[EventCountry "CUB"]
[EventCategory "1"]
[SourceTitle "CBM 089 Extra"]
[Source "ChessBase"]
[SourceDate "2002.09.10"]
[SourceVersion "2"]
[SourceVersionDate "2002.09.10"]
[SourceQuality "1"]

1. e4 e5 2. Nf3 Nf6 3. Nxe5 d6 4. Nf3 Nxe4 5. Qe2 Qe7 6. d3 Nf6 7. Bg5 Qxe2+ 8. Bxe2 Be7 9. Nc3 c6 10. 0-0-0 Nbd7 11. Rhe1 0-0 12. Bf1 Re8 13. Nd4 g6 14. g3 Nb6 15. Bg2 Bd7 1/2-1/2

[Event "Las Tunas"]
[Site "Las Tunas"]
[Date "2002.08.02"]
[Round "9"]
[White "Gongora Reyes, Maikel"]
[Black "Gongora Reyes, Liuber"]
[Result "1/2-1/2"]
[WhiteElo "2406"]
[BlackElo "2177"]
[PlyCount "21"]
[EventDate "2002.07.27"]
[EventType "tourn"]
[EventRounds "10"]
[EventCountry "CUB"]
[EventCategory "1"]
[SourceTitle "CBM 089 Extra"]
[Source "ChessBase"]
[SourceDate "2002.09.10"]
[SourceVersion "2"]
[SourceVersionDate "2002.09.10"]
[SourceQuality "1"]

1. e4 e6 2. d4 d5 3. exd5 exd5 4. Nf3 Nf6 5. Be2 Be7 6. 0-0 0-0 7. c3 Nc6 8. Bg5 Bg4 9. Re1 h6 10. Bh4 Re8 11. Nbd2 1/2-1/2

[Event "Las Tunas"]
[Site "Las Tunas"]
[Date "2002.07.27"]
[Round "1"]
[White "Gongora Reyes, Liuber"]
[Black "Garcia, Omar Alejandro"]
[Result "0-1"]
[WhiteElo "2177"]
[BlackElo "2336"]
[PlyCount "98"]
[EventDate "2002.07.27"]
[EventType "tourn"]
[EventRounds "10"]
[EventCountry "CUB"]
[EventCategory "1"]
[SourceTitle "CBM 089 Extra"]
[Source "ChessBase"]
[SourceDate "2002.09.10"]
[SourceVersion "2"]
[SourceVersionDate "2002.09.10"]
[SourceQuality "1"]

1. e4 e5 2. Nf3 Nf6 3. Nxe5 d6 4. Nf3 Nxe4 5. d4 d5 6. Bd3 Nc6 7. 0-0 Be7 8. c4 Nf6 9. Nc3 Be6 10. c5 0-0 11. Be3 b6 12. cxb6 axb6 13. Rc1 Nb4 14. Bb1 c5 15. Ne5 Nd7 16. Nd3 Nxd3 17. Qxd3 Nf6 18. Bg5 c4 19. Qg3 Nh5 20. Bxe7 Nxg3 21. Bxd8 Nxf1 22. Bg5 h6 23. Bf4 g5 24. Bd6 Rfd8 25. Bc7 Rd7 26. Bxb6 Nd2 27. Bc5 Rb8 28. Ba3 Nxb1 29. Rxb1 f6 30. f3 Kf7 31. Kf2 Bf5 32. Rd1 h5 33. h3 Rg8 34. Re1 Re8 35. Rh1 Bd3 36. Rd1 Re6 37. Rd2 Rd8 38. Rd1 f5 39. Rh1 f4 40. Rd1 Re3 41. Rd2 Rde8 42. Nxd5 Re1 43. g3 R8e2+ 44. Rxe2 Rxe2+ 45. Kg1 fxg3 46. Nc3 Rf2 47. Ne4 Bxe4 48. fxe4 h4 49. d5 g4 0-1